|
|
|
|
| LEADER |
01513nam a2200337 u 4500 |
| 001 |
10021700 |
| 003 |
upatras |
| 005 |
20240413063302.0 |
| 008 |
990123s1997 us eng |
| 020 |
|
|
|a 0262024292
|
| 040 |
|
|
|a GR-PaULI
|c GR-PaULI
|
| 041 |
0 |
|
|a eng
|
| 082 |
0 |
4 |
|a 415
|
| 100 |
1 |
|
|a Boskovic, Zeljko
|9 45159
|
| 245 |
1 |
0 |
|a The syntax of nonfinite complementation
|b an economy approach
|c Zeljko Boskoviβc
|
| 260 |
|
|
|a Cambridge, MA
|b MIT Press
|c 1997
|
| 300 |
|
|
|a xii, 247 p.
|c 24 cm.
|
| 490 |
0 |
|
|a Linguistic inquiry monographs
|v 32
|
| 504 |
|
|
|a Includes references and index
|
| 650 |
|
4 |
|a Γραμματική
|9 1160
|
| 650 |
|
4 |
|a Μορφολογία γλώσσας
|9 1161
|
| 650 |
|
0 |
|a Γλωσσολογία
|9 517
|
| 650 |
|
4 |
|9 25618
|a Γραμματική, Συγκριτική και γενική
|x Σύνταξη
|
| 760 |
0 |
|
|a Linguistic inquiry monographs
|g 32
|
| 852 |
|
|
|a GR-PaULI
|b ΠΑΤΡΑ
|b ΦΙΛΟΛΟΓΙΑ
|k ΑΣΧΞ
|h 415 B
|m 043163
|p 025000055447
|t 1
|
| 852 |
|
|
|a GR-PaULI
|b ΠΑΤΡΑ
|b ΦΙΛΟΛΟΓΙΑ
|k ΔΑΝΕΙΖ-6
|h 415 BOS
|m 004384
|t 2
|
| 942 |
|
|
|2 ddc
|c BK15
|
| 952 |
|
|
|0 0
|1 0
|2 ddc
|4 0
|6 415_000000000000000_B
|7 0
|9 184516
|a LISP
|b LISP
|c BSC
|d 2016-04-24
|i 043163
|l 0
|o 415 B
|p 025000055447
|r 2016-04-24 00:00:00
|t 1
|w 2016-04-24
|y BK15
|x Μεταφορά Τμήματος Φιλολογίας
|
| 952 |
|
|
|0 0
|1 0
|4 0
|6 415_000000000000000_BOS
|7 0
|9 184517
|a LTRT
|b LTRT
|d 2016-04-24
|i 004384
|l 0
|o 415 BOS
|r 2016-04-24 00:00:00
|t 2
|w 2016-04-24
|y BK15
|
| 998 |
|
|
|c ΣΥΨΑ
|d 1999-04
|
| 999 |
|
|
|c 113735
|d 113735
|